00564nam a2200181 a 450000100060000000300090000600800410001504000280005608200090008410000260009324500090011926000520012859000990018065000440027965000300032394200120035399900170036520391CO-ViMGA141112s2004 ck r 000 u spa d aCO-ViMGAbspacCO-ViMGA04aBANz1 aBanyai, Istvan92943710aZoom aMexico : bFondo de cultura económica, c1995 aForma de adquisición : Donación - - Precio : 10000 - - Fecha de adquisición : Marzo 200614aCUENTOS INFANTILES ESTADOUNIDENSES982314aLIBROS DE IMAGENES929438 2ddccBK c29392d29392